| 000 | 00818nam a2200229 i 4500 | ||
|---|---|---|---|
| 001 | 88952 | ||
| 003 | ES-MaACL | ||
| 005 | 20230906175959.0 | ||
| 007 | t| | ||
| 008 | 050113s1991 xxu ||||1| eng d | ||
| 020 | _a0-8135-1277-8 | ||
| 080 | _a930.85(38:32) | ||
| 080 | _a930.85(38:394) | ||
| 100 | 0 |
_aBernal, Martín. _928183 |
|
| 245 | 1 | 0 |
_aBlack Athena _b: the afroasiatic roots of classical civilization / _cMartin Bernal. |
| 260 |
_aNew Brunswick : _bRutgres University, _c[1991] |
||
| 300 |
_a2 v. ; _c23 cm. |
||
| 505 | 8 | _aContiene: 1. The fabrication of ancien greece 1785-1985 -- 2. The archaeological and documentary evidence | |
| 650 | 4 |
_aCivilización griega- _xInfluencia egipcia. _911095 |
|
| 650 | 4 |
_aCivilización griega- _xInfluencia fenicia. _911096 |
|
| 852 |
_aES-MaACL _jE-10795-96 _bR.135157 |
||
| 999 |
_c88952 _d88952 |
||